| 000 | 00912nam a22002177a 4500 | ||
|---|---|---|---|
| 999 |
_c19400 _d19400 |
||
| 003 | AR-CdUCM | ||
| 008 | 190517b ||||| |||| 00| 0 spa d | ||
| 040 |
_aMUNICIPALIDAD PROVINCIAL DEL CUSCO _cBIBLIOTECA MUNICIPAL DEL CUSCO |
||
| 082 |
_22ed. _a301 / _bP83 |
||
| 100 |
_aPozas Arciniega, Ricardo _940719 |
||
| 245 |
_aEl desarrollo de la comunidad : _btécnicas de investigación social / |
||
| 260 |
_aMéxico : _bUniversidad Nacional Autónoma de México, _c1964. |
||
| 300 |
_a306 páginas ; _c21.5 cm. |
||
| 440 |
_aManuales Universitarios ; _940720 |
||
| 505 | _aContenido: El concepto de comunidad -- La comunidad tipo -- Integración de la comunidad -- El desarrollo de la comunidad -- Las finalidades en el desarrollo de la comunidad... | ||
| 650 |
_aDesarrollo de la comunidad _924055 |
||
| 650 |
_aDesarrollo _92021 |
||
| 650 |
_aComunidad _940 |
||
| 942 |
_2ddc _cLIBROS |
||
| 945 |
_aacv _d2019-05-17 |
||